Collins pocket francés; español-francés /

Guardado en:
Autor Principal: Harper Collins Ed
Formato: Libro
Publicado: México : Grijalbo, 1997
Materias:
Etiquetas: Agregar Etiqueta
Sin Etiquetas, Sea el primero en etiquetar este registro!
LEADER 00562nam a22001935a 4500
001 CEM.cems016551
005 20100421152827.0
008 130507s1997##################000#0#####d
003 CEMS
020 |a 9700502759 
082 0 4 |a 443.6 
100 1 |a Harper Collins Ed 
245 1 0 |a Collins pocket francés; español-francés /  |c Ed Harper Collins, 
260 |a México :  |b Grijalbo,  |c 1997 
300 |a 495 p. 
653 |a Francés-dicciónarios 
653 |a Francés 
653 |a Dicciónarios bilingües 
859 |a CEMS  |b BIB. CEMS - Agricultura  |h 443.6  |i H232  |p A0371.02  |t Ej.1